LEADER 02645nam 2200625Ia 450 001 9910139483003321 005 20230725044912.0 010 $a1-282-48329-3 010 $a9786612483295 010 $a1-4443-1870-5 010 $a1-4443-1871-3 035 $a(CKB)2550000000006595 035 $a(EBL)480465 035 $a(OCoLC)606852742 035 $a(SSID)ssj0000354617 035 $a(PQKBManifestationID)11295341 035 $a(PQKBTitleCode)TC0000354617 035 $a(PQKBWorkID)10314041 035 $a(PQKB)11055777 035 $a(MiAaPQ)EBC480465 035 $a(Au-PeEL)EBL480465 035 $a(CaPaEBR)ebr10360960 035 $a(CaONFJC)MIL248329 035 $a(EXLCZ)992550000000006595 100 $a20090929d2010 uy 0 101 0 $aeng 135 $aurcn||||||||| 181 $ctxt 182 $cc 183 $acr 200 10$aPersonal hygiene care$b[electronic resource] /$fLindsay Dingwall 210 $aChichester, West Sussex ;$aAmes, Iowa $cWiley-Blackwell$d2010 215 $a1 online resource (338 p.) 225 1 $aEssential clinical skills for nurses series 300 $aDescription based upon print version of record. 311 $a1-4051-6307-0 320 $aIncludes bibliographical references and index. 327 $aPersonal Hygiene Care; Contents; Preface; Acknowledgements; 1: Assessing Your Patient; 2: Improving and Maintaining Oral Health; 3: Care of the Eyes; 4: Ear Care; 5: Foot and Nail Care; 6: Hair Care and Grooming; 7: Methods of Washing; 8: Skin Care; Index 330 $aMeeting the hygiene needs of patients is a fundamental aspect of nursing care. This practical and introductory guide outlines and emphasizes the nursing skills required to meet the essential personal hygiene care needs of patients in various healthcare settings.It explores care of the eyes, ears, mouth, nails and hair, and provides evidence-based rationales for each procedure. Methods of washing the patient are discussed, and bed-making and patient positioning is explored. Each chapter provides the necessary anatomy and physiology, as well as common conditions, safety issues, 410 0$aEssential clinical skills for nurses. 606 $aNursing 606 $aPatients$xCare 606 $aPatients$xHealth and hygiene 615 0$aNursing. 615 0$aPatients$xCare. 615 0$aPatients$xHealth and hygiene. 676 $a610.73 700 $aDingwall$b Lindsay$0915396 801 0$bMiAaPQ 801 1$bMiAaPQ 801 2$bMiAaPQ 906 $aBOOK 912 $a9910139483003321 996 $aPersonal hygiene care$92051915 997 $aUNINA